000 00528nam a2200193Ia 4500
003 GCL
008 140319s9999 xx 000 0 eng d
040 _aGCL /
_cGCL
082 0 4 _a338.9
_bS P
100 1 _aSIMONAVITS, ANDRES
245 1 0 _aPRICES, GROWTH AND CYCLES ESSAYS IN HONOUR OF ANDRAS BRODY /
_cSIMONAVITS, ANDRES
700 1 _aSTEENGE, ALBERT
260 _a[S.N] :
_bMACMILIAN ،
_c1997
300 _a310 P
650 0 4 _aPRICES
650 0 4 _aECONOMIC DEVELOPMENT
650 0 4 _aBUSINESS CYCLES
942 _2ddc
_cBK
999 _c15967
_d15967